000 00478nam a2200181Ia 4500
008 100917s9999 xx 000 0 und d
082 _b32061
100 _aभावे पु. भा.
245 _aरांगोळी
260 _bनागपूर प्रकाशन
_c1976
300 _a184
365 _b13
520 _aनिबंध
630 _aरांगोळी
650 _aनिबंध
730 _aरांगोळी
942 _cBOOK
999 _c637455
_d637452